01010nam a2200205 a 450000100100000000500170001000800410002704000250006810000350009324501650012826000370029330000280033049000440035850000730040259000760047583000490055104900090060095201780060999900170078700003505420200930074056.0111024s1959 ag 000 0 spa d aDO-SdBNPbspacBNPHU1 aGuillaume, Paul,d1878-96069510aManual de psicología /cPaul Guillaume ; prólogo y supervisión de la versión castellana del Dr. Marcos Victoria ; versión castellana de Miguel Murmis. aBuenos Aires :bPaidós,c1959. a357 p. :bil. ;c23 cm.1 aBiblioteca de psicología general ;v2 aIncluye referencias bibliográficas y notas al pie de las páginas aPerteneció a la biblioteca personal de Juan Isidro Jimenes Grullón. 0aBiblioteca de psicología generalv2960228 aBNPD 001050718RVaGRbGRcCTd2011-10-24iLF1l0o p35054-10r2020-06-25w2020-06-25y1zPerteneció a la biblioteca personal de Juan Isidro Jimenes Grullón.ZNo se presta c34545d34545